000 00396nam a2200133Ia 4500
008 151001s9999||||xx |||||||||||||| ||und||
100 _aअरुण शेवते
245 _aत्या प्रीतीची रीतच न्यारी
250 _a1
260 _bअनघा प्रकाशन ठाणे
260 _c2007
300 _a159
365 _b21
999 _c990340
_d990337